000 00307nam a22001457a 4500
008 230921b ||||| |||| 00| 0 eng d
020 _a902770905
041 _aeng
080 _a521
082 _a521PHI
100 _a19
101 _aASTRO
245 _aTHE HR DIAGRAM
_cPHILIP.D.G.A
942 _2udc
_cBK
999 _c60390
_d60390